000 00327nam a2200133Ia 4500
008 240624s9999 xx 000 0 und d
041 _aeng
082 _a823 CHA
100 _aCHASE HADLEY JAMES
245 _aNOT SAFE TO BE FREE
260 _c2006
_aBangalore
_bMaster Mind Books
300 _a204 : p. : cm. ; 17
365 _cRS
999 _c3834
_d3834